Babcock journal of mass communication. (Record no. 38089)
[ view plain ]
| 000 -LEADER | |
|---|---|
| fixed length control field | 00548nam a2200169Ia 4500 |
| 022 ## - INTERNATIONAL STANDARD SERIAL NUMBER | |
| ISSN | 07953399 |
| 050 ## - CALL MARK | |
| Classification number | P 92.N5 .B33/ |
| 245 #0 - TITLE STATEMENT | |
| Title | Babcock journal of mass communication. |
| 260 ## - PUBLICATION, DISTRIBUTION, ETC. (IMPRINT) | |
| Place of publication | Ogun state, Nigeria |
| 260 ## - PUBLICATION, DISTRIBUTION, ETC. (IMPRINT) | |
| Name of publisher | American Educational Research Association : American Statistical Association |
| 260 ## - PUBLICATION, DISTRIBUTION, ETC. (IMPRINT) | |
| Year of publication | 2018 |
| 300 ## - PHYSICAL DESCRIPTION | |
| Number of Pages | vi, 187 p. ; 24 cm. |
| 650 ## - SUBJECT ADDED ENTRY--TOPICAL TERM | |
| Topical Term | Mass communication--Nigeria--Periodicals. Communication--Nigeria--Periodicals. |
| 942 ## - ADDED ENTRY ELEMENTS (KOHA) | |
| Koha item type | Serials |
No items available.